[Event "RA November op"]
[Site "Ottawa CAN"]
[Date "2015.11.28"]
[Round "3"]
[White "De Kerpel, Stijn"]
[Black "Sambuev, Bator"]
[Result "0-1"]
[WhiteElo "2196"]
[BlackElo "2599"]
[PlyCount "74"]
[EventDate "2015.11.27"]
[EventType "swiss"]
[EventRounds "5"]
[EventCountry "CAN"]

1. c4 e5 2. Nc3 Nc6 3. Nf3 g6 4. d4 exd4 5. Nxd4 Bg7 6. Nxc6 bxc6 7. g3 Ne7 8.
Bg2 O-O 9. O-O d6 10. Bg5 h6 11. Bxe7 Qxe7 12. Bxc6 Rb8 13. Qd2 Qg5 14. Qxg5
hxg5 15. Rab1 Rb4 16. Bd5 Bf5 17. a3 Rb6 18. e4 Bd7 19. Rfc1 Rfb8 20. b4 Bxc3
21. Rxc3 c6 22. c5 dxc5 23. Ba2 cxb4 24. axb4 Rxb4 25. Rd1 Be8 26. Re3 Kf8 27.
e5 Rb2 28. Bc4 Rb1 29. Rxb1 Rxb1+ 30. Kg2 Rc1 31. Bb3 c5 32. Bd5 c4 33. e6 fxe6
34. Rxe6 c3 35. Bb3 a5 36. Ra6 a4 37. Bxa4 Ra1 0-1

[Event "RA November op"]
[Site "Ottawa CAN"]
[Date "2015.11.29"]
[Round "4"]
[White "Sambuev, Bator"]
[Black "Pacey, Kevin"]
[Result "1-0"]
[WhiteElo "2599"]
[BlackElo "2161"]
[PlyCount "97"]
[EventDate "2015.11.27"]
[EventType "swiss"]
[EventRounds "5"]
[EventCountry "CAN"]

1. e4 e6 2. d4 d5 3. Nd2 c5 4. Ngf3 Nc6 5. exd5 exd5 6. Bb5 Bd6 7. O-O Nge7 8.
dxc5 Bxc5 9. Nb3 Bd6 10. c3 Bg4 11. Be2 O-O 12. Nfd4 Bxe2 13. Qxe2 Re8 14. Bg5
Qd7 15. Qh5 Ng6 16. Rae1 Rxe1 17. Rxe1 Re8 18. Rxe8+ Qxe8 19. Qe2 Qe5 20. Qxe5
Ngxe5 21. Nxc6 Nxc6 22. Kf1 f5 23. Be3 Kf7 24. h3 b6 25. Ke2 Ke6 26. a4 g6 27.
f4 d4 28. Nxd4+ Nxd4+ 29. Bxd4 Bxf4 30. Kd3 Kd6 31. b4 Bg3 32. Kc4 Kc6 33. b5+
Kd7 34. Kd5 Bc7 35. c4 g5 36. c5 bxc5 37. Bxc5 Bb8 38. a5 h5 39. Bxa7 Bxa7 40.
b6 Bxb6 41. axb6 h4 42. Ke5 g4 43. Kxf5 gxh3 44. gxh3 Kc6 45. Kg5 Kxb6 46. Kxh4
Kc7 47. Kg5 Kd8 48. Kf6 Ke8 49. Kg7 1-0

[Event "RA November op"]
[Site "Ottawa CAN"]
[Date "2015.11.29"]
[Round "5"]
[White "Sambuev, Bator"]
[Black "Sadeghi, Saeid"]
[Result "1-0"]
[WhiteElo "2599"]
[BlackElo "2098"]
[PlyCount "35"]
[EventDate "2015.11.27"]
[EventType "swiss"]
[EventRounds "5"]
[EventCountry "CAN"]

1. e4 e6 2. Nf3 c5 3. d4 cxd4 4. Nxd4 Nc6 5. Nc3 Qc7 6. Be3 a6 7. Qf3 Nf6 8.
O-O-O Be7 9. Be2 O-O 10. g4 d6 11. g5 Nd7 12. Rhg1 Rd8 13. Qh5 Nf8 14. f4 b5
15. f5 b4 16. Nxc6 bxc3 17. f6 cxb2+ 18. Kb1 1-0

[Event "Varennes op"]
[Site "Varennes CAN"]
[Date "2015.11.06"]
[Round "1.1"]
[White "Larochelle, Martial"]
[Black "Sambuev, Bator"]
[Result "0-1"]
[WhiteElo "2112"]
[BlackElo "2554"]
[PlyCount "66"]
[EventDate "2015.11.07"]
[EventType "swiss"]
[EventRounds "5"]
[EventCountry "CAN"]

1. d4 d6 2. Nf3 f5 3. Qd3 c6 4. Nc3 d5 5. h3 Nf6 6. g4 g6 7. Ne5 Bg7 8. Bf4 O-O
9. e3 Be6 10. f3 Nbd7 11. O-O-O Rc8 12. gxf5 Bxf5 13. e4 Nh5 14. Bg5 Be6 15.
Ng4 Qa5 16. exd5 cxd5 17. Qe3 Bf5 18. Bd3 Rxc3 19. bxc3 Nb6 20. Bxe7 Qxa2 21.
Qf2 Re8 22. Rhe1 Rxe7 23. Rxe7 Qa3+ 24. Kd2 Qxe7 25. Ra1 a6 26. Ra5 Nf4 27. Ne3
Bxh3 28. Kd1 Bh6 29. Ng4 Bxg4 30. fxg4 Bg5 31. Be2 Qe4 32. Bf3 Nh3 33. Qg2 Qe3
0-1

[Event "Varennes op"]
[Site "Varennes CAN"]
[Date "2015.11.07"]
[Round "2.1"]
[White "Sambuev, Bator"]
[Black "Zhu, Hong Rui"]
[Result "1-0"]
[WhiteElo "2554"]
[BlackElo "2286"]
[PlyCount "53"]
[EventDate "2015.11.07"]
[EventType "swiss"]
[EventRounds "5"]
[EventCountry "CAN"]

1. e4 c5 2. Nf3 d6 3. d4 cxd4 4. Qxd4 Nc6 5. Bb5 Bd7 6. Bxc6 Bxc6 7. Nc3 Nf6 8.
Bg5 e6 9. O-O-O Be7 10. Qd3 Qa5 11. h4 h6 12. Bxf6 gxf6 13. Nd4 O-O-O 14. Qc4
Qb6 15. Nd5 exd5 16. exd5 Kb8 17. dxc6 d5 18. Qa4 Qb4 19. Qxb4 Bxb4 20. cxb7
Kxb7 21. Rh3 Bc5 22. Rb3+ Ka8 23. Rf3 Bxd4 24. Rxd4 Rd6 25. Rf5 Rhd8 26. Kd2
Kb7 27. Rdf4 1-0

[Event "National Capital op"]
[Site "Ottawa CAN"]
[Date "2015.10.23"]
[Round "1"]
[White "Sambuev, Bator"]
[Black "Simic, Dusan"]
[Result "1-0"]
[WhiteElo "2599"]
[BlackElo "2133"]
[PlyCount "85"]
[EventDate "2015.10.23"]
[EventType "swiss"]
[EventRounds "5"]
[EventCountry "CAN"]

1. e4 e6 2. Nf3 d5 3. e5 c5 4. b4 cxb4 5. a3 Nc6 6. axb4 Bxb4 7. c3 Be7 8. d4
Nh6 9. Bxh6 gxh6 10. h4 Bd7 11. Qd2 Bf8 12. Bd3 Na5 13. Qf4 Nc4 14. Bxc4 dxc4
15. Nbd2 Bc6 16. Nxc4 Bxf3 17. Qxf3 Qc7 18. Nd2 a6 19. O-O Be7 20. Ne4 Rg8 21.
Rab1 Rb8 22. Qh5 Rg6 23. f4 Qc6 24. Rbe1 b5 25. f5 exf5 26. Qxf5 Qe6 27. Nd6+
Kd7 28. Qxf7 Rxg2+ 29. Kxg2 Qg4+ 30. Kf2 Rf8 31. Ke3 Rxf7 32. Rxf7 Kd8 33. Ref1
Qxh4 34. Ne4 Qh3+ 35. R1f3 Qh1 36. Nf6 Qe1+ 37. Kf4 Qb1 38. Ne4 Qb3 39. Rg7 a5
40. Rfg3 a4 41. Rg8+ Kd7 42. R3g7 Qd1 43. Nf6+ 1-0

[Event "National Capital op"]
[Site "Ottawa CAN"]
[Date "2015.10.23"]
[Round "2"]
[White "Dunne, Francesco"]
[Black "Sambuev, Bator"]
[Result "0-1"]
[WhiteElo "2212"]
[BlackElo "2599"]
[PlyCount "120"]
[EventDate "2015.10.23"]
[EventType "swiss"]
[EventRounds "5"]
[EventCountry "CAN"]

1. e4 e6 2. d4 d5 3. Nd2 Nf6 4. e5 Nfd7 5. Bd3 c5 6. c3 Nc6 7. Ngf3 Be7 8. O-O
c4 9. Bc2 b5 10. Re1 Nb6 11. Nf1 a5 12. Ng3 h5 13. h3 b4 14. Nh2 g6 15. Ne2 Kd7
16. g3 Kc7 17. f4 Bd7 18. Kg2 a4 19. Nf3 b3 20. Bb1 a3 21. axb3 axb2 22. Bxb2
cxb3 23. Qxb3 Na5 24. Qc2 Ba4 25. Qd3 Nbc4 26. Bc1 Qd7 27. Bc2 Bxc2 28. Qxc2
Rhb8 29. Kf2 Ra7 30. Nd2 Rab7 31. Nxc4 Nxc4 32. Rh1 Qc6 33. g4 Rh8 34. Ng3 Bh4
35. g5 Rhb8 36. Ra2 Kc8 37. Kf3 Bxg3 38. Kxg3 Rb3 39. Kh2 R8b5 40. h4 Nb6 41.
Ra3 Qc4 42. Rg1 Rxa3 43. Bxa3 Rb3 44. Bb2 Na4 45. Ba1 Ra3 46. Qc1 Ra2+ 47. Rg2
Rxg2+ 48. Kxg2 Qe2+ 49. Kg1 Nb6 50. Qa3 Qg4+ 51. Kh1 Qxh4+ 52. Kg2 Qg4+ 53. Kh1
Qf3+ 54. Kg1 Qe3+ 55. Kh1 Qe4+ 56. Kg1 Qb1+ 57. Kg2 Qc2+ 58. Kg1 Qa4 59. Qc1
Qa2 60. Qd1 Nc4 0-1

[Event "National Capital op"]
[Site "Ottawa CAN"]
[Date "2015.10.23"]
[Round "3"]
[White "Sambuev, Bator"]
[Black "Wan, Kevin"]
[Result "1-0"]
[WhiteElo "2599"]
[BlackElo "2325"]
[PlyCount "81"]
[EventDate "2015.10.23"]
[EventType "swiss"]
[EventRounds "5"]
[EventCountry "CAN"]

1. e4 e6 2. d4 d5 3. Nd2 Nf6 4. e5 Nfd7 5. f4 c5 6. c3 Nc6 7. Ndf3 cxd4 8. cxd4
Qb6 9. g3 Be7 10. h4 f6 11. Bh3 Nd8 12. Kf1 O-O 13. Kg2 a5 14. Ne2 a4 15. Nc3
Qa6 16. exf6 Nxf6 17. a3 b5 18. Qe2 b4 19. Qxa6 Bxa6 20. Nxa4 bxa3 21. bxa3 Ne4
22. Nb6 Ra7 23. Be3 Bb7 24. a4 Bb4 25. Rhc1 Ba5 26. Nd7 Rf7 27. Nc5 Nxc5 28.
Rxc5 Rc7 29. Kf2 Bb6 30. Rxc7 Bxc7 31. Bd2 Bc6 32. a5 Bd7 33. Ne5 Bb5 34. Rc1
Kf8 35. Rc5 Be8 36. Bf1 Bd6 37. Rc8 Ke7 38. a6 Bd7 39. Nxd7 Kxd7 40. Rc2 Bc7
41. Bb4 1-0

[Event "National Capital op"]
[Site "Ottawa CAN"]
[Date "2015.10.24"]
[Round "4"]
[White "Pacey, Kevin"]
[Black "Sambuev, Bator"]
[Result "0-1"]
[WhiteElo "2161"]
[BlackElo "2599"]
[PlyCount "52"]
[EventDate "2015.10.23"]
[EventType "swiss"]
[EventRounds "5"]
[EventCountry "CAN"]

1. c4 e5 2. Nc3 Nc6 3. Nf3 g6 4. d4 exd4 5. Nxd4 Bg7 6. Nxc6 bxc6 7. Bf4 Nf6 8.
Rc1 O-O 9. e3 Nh5 10. Bg3 d6 11. Be2 Nxg3 12. hxg3 Bd7 13. Bg4 Bxg4 14. Qxg4
Qb8 15. Qe2 Qb4 16. O-O Rfb8 17. Rc2 Bxc3 18. bxc3 Qc5 19. Qd3 a5 20. Qd4 Qxd4
21. exd4 a4 22. c5 a3 23. Re2 Rb2 24. Re7 Rxa2 25. Rxc7 dxc5 26. Re1 Rb2 0-1

[Event "National Capital op"]
[Site "Ottawa CAN"]
[Date "2015.10.25"]
[Round "5"]
[White "Sambuev, Bator"]
[Black "Marinkovic, Mate"]
[Result "1-0"]
[WhiteElo "2599"]
[BlackElo "2130"]
[PlyCount "101"]
[EventDate "2015.10.23"]
[EventType "swiss"]
[EventRounds "5"]
[EventCountry "CAN"]

1. e4 c5 2. Nf3 e6 3. d4 cxd4 4. Nxd4 Nc6 5. Nc3 Qc7 6. Be3 a6 7. Qf3 Ne5 8.
Qg3 d6 9. f4 Nc4 10. Bxc4 Qxc4 11. O-O-O b5 12. Kb1 Bb7 13. e5 dxe5 14. fxe5
Ne7 15. Rhf1 Ng6 16. h4 b4 17. Na4 Bd5 18. b3 Qc7 19. h5 Nxe5 20. Bf4 f6 21.
Qh3 Kf7 22. h6 g6 23. Bxe5 Qxe5 24. Nb6 Rd8 25. Nc6 Bxc6 26. Rxd8 Qc7 27. Nc4
Bxg2 28. Rxf8+ Rxf8 29. Qxg2 Rd8 30. Qe4 Rd5 31. Ne3 Re5 32. Rxf6+ Kxf6 33.
Ng4+ Kg5 34. Nxe5 Kxh6 35. Nd3 a5 36. Nf4 Qf7 37. Qe3 Qf5 38. Nxe6+ g5 39. Nd4
Qf1+ 40. Kb2 Kh5 41. Qe4 h6 42. Nf5 Qf4 43. Qe8+ Kg4 44. Nxh6+ Kf3 45. Qf7 g4
46. Qxf4+ Kxf4 47. Nxg4 Kxg4 48. c4 Kf4 49. a3 Ke4 50. axb4 axb4 51. Kc2 1-0

[Event "RA Fall op"]
[Site "Ottawa CAN"]
[Date "2015.09.18"]
[Round "1"]
[White "Sambuev, Bator"]
[Black "Donev, Danail"]
[Result "1-0"]
[WhiteElo "2609"]
[BlackElo "2128"]
[PlyCount "71"]
[EventDate "2015.09.18"]
[EventType "swiss"]
[EventRounds "5"]
[EventCountry "CAN"]

1. e4 c5 2. Nf3 d6 3. d4 cxd4 4. Nxd4 Nf6 5. Nc3 a6 6. Bc4 e6 7. Bb3 Nbd7 8. f4
Nc5 9. e5 dxe5 10. fxe5 Nxb3 11. axb3 Nd5 12. O-O Nxc3 13. bxc3 g6 14. Qf3 Qc7
15. Nb5 Bc5+ 16. Kh1 axb5 17. Rxa8 O-O 18. Bh6 Re8 19. h4 Bf8 20. Bxf8 Rxf8 21.
Qe3 Qe7 22. Qg5 Qxg5 23. hxg5 Bd7 24. Rxf8+ Kxf8 25. Rd1 Bc6 26. Kg1 Ke7 27.
Kf2 Be4 28. Rd2 Bd5 29. Ke3 Bc6 30. g3 Bd5 31. Rh2 Bc6 32. Rxh7 Bd5 33. Kd4 Bf3
34. Kc5 Bc6 35. c4 bxc4 36. Kxc4 1-0

[Event "RA Fall op"]
[Site "Ottawa CAN"]
[Date "2015.09.19"]
[Round "2"]
[White "Pacey, Kevin"]
[Black "Sambuev, Bator"]
[Result "0-1"]
[WhiteElo "2149"]
[BlackElo "2609"]
[PlyCount "50"]
[EventDate "2015.09.18"]
[EventType "swiss"]
[EventRounds "5"]
[EventCountry "CAN"]

1. d4 Nf6 2. c4 e6 3. Nc3 Bb4 4. e3 c5 5. Bd3 Nc6 6. Nf3 Bxc3+ 7. bxc3 d6 8.
Nd2 e5 9. d5 Ne7 10. Qc2 O-O 11. Nf1 e4 12. Bxe4 Nxe4 13. Qxe4 Bf5 14. Qf3 Bd3
15. e4 Bxc4 16. Nd2 Ba6 17. c4 b5 18. Bb2 bxc4 19. O-O Rb8 20. Bc3 f5 21. e5
dxe5 22. Bxe5 c3 23. Qg3 Ng6 24. Bxb8 cxd2 25. Rfb1 Qxd5 0-1

[Event "RA Fall op"]
[Site "Ottawa CAN"]
[Date "2015.09.20"]
[Round "4"]
[White "Dunne, Francesco"]
[Black "Sambuev, Bator"]
[Result "0-1"]
[WhiteElo "2212"]
[BlackElo "2609"]
[PlyCount "66"]
[EventDate "2015.09.18"]
[EventType "swiss"]
[EventRounds "5"]
[EventCountry "CAN"]

1. e4 e5 2. Nf3 d6 3. d4 Nf6 4. Nc3 Nbd7 5. Bc4 Be7 6. O-O O-O 7. Re1 c6 8. a4
a5 9. h3 Re8 10. b3 h6 11. Bb2 Qc7 12. dxe5 dxe5 13. Bd3 Bc5 14. Nd2 Nf8 15.
Qf3 Ne6 16. Nc4 Nd4 17. Qd1 Be6 18. Ne3 Rad8 19. Ne2 g6 20. Nxd4 Bxd4 21. Bxd4
Rxd4 22. Qf3 Kg7 23. Rad1 Red8 24. Nf1 Qd6 25. Nd2 Nh5 26. Qe3 Qc7 27. Nf3 R4d7
28. Qc5 f6 29. Re3 Nf4 30. Qc3 g5 31. Nh2 Qb6 32. Nf1 Rxd3 33. cxd3 Qxe3 0-1

[Event "Montreal op"]
[Site "Montreal CAN"]
[Date "2015.09.11"]
[Round "1.2"]
[White "Sambuev, Bator"]
[Black "Wiebe, Isaac"]
[Result "1-0"]
[WhiteElo "2530"]
[BlackElo "2108"]
[PlyCount "39"]
[EventDate "2015.09.12"]
[EventType "swiss"]
[EventRounds "5"]
[EventCountry "CAN"]

1. Nf3 d5 2. c4 c6 3. e3 Nf6 4. d4 e6 5. Nbd2 Nbd7 6. Bd3 Bd6 7. O-O O-O 8. e4
dxe4 9. Nxe4 Nxe4 10. Bxe4 f5 11. Bc2 e5 12. c5 Bc7 13. Bb3+ Kh8 14. Ng5 Rf6
15. Nxh7 Qe8 16. Nxf6 Nxf6 17. dxe5 Qxe5 18. g3 Qxc5 19. Bg5 Nh7 20. Re1 1-0

[Event "Montreal op"]
[Site "Montreal CAN"]
[Date "2015.09.12"]
[Round "3.2"]
[White "Sambuev, Bator"]
[Black "Yu, Zong Yang"]
[Result "1-0"]
[WhiteElo "2530"]
[BlackElo "2344"]
[PlyCount "105"]
[EventDate "2015.09.12"]
[EventType "swiss"]
[EventRounds "5"]
[EventCountry "CAN"]

1. e4 c5 2. Ne2 Nf6 3. Nbc3 d6 4. g3 Nc6 5. Bg2 g6 6. O-O Bg7 7. d3 O-O 8. h3
Bd7 9. Be3 Ne8 10. Qd2 Nd4 11. f4 Rb8 12. a4 b6 13. g4 a6 14. Rab1 e6 15. f5 b5
16. axb5 axb5 17. fxe6 fxe6 18. Rxf8+ Kxf8 19. Nxd4 Bxd4 20. b4 Kg8 21. bxc5
Qg5 22. Nd1 dxc5 23. Qf2 Qf6 24. Bxd4 cxd4 25. Qxf6 Nxf6 26. e5 Nd5 27. Bxd5
exd5 28. Rb4 Ra8 29. Nf2 Kf7 30. Rxd4 Ke6 31. Rf4 Kxe5 32. Rf7 Ke6 33. Rxh7 Rc8
34. d4 Rxc2 35. Nd3 Be8 36. Rh8 Ke7 37. Nb4 Rc1+ 38. Kf2 Bf7 39. Rb8 Rc3 40. h4
Rh3 41. Nc6+ Ke6 42. Ne5 Rxh4 43. Rb6+ Ke7 44. Rb7+ Ke6 45. Nxf7 Rxg4 46. Ke3
g5 47. Nh6 Rg3+ 48. Ke2 Rb3 49. Rb6+ Kd7 50. Nf5 Rb2+ 51. Kd3 Rb3+ 52. Kd2 Kc7
53. Rg6 1-0

[Event "Kitchener Masters"]
[Site "Kitchener CAN"]
[Date "2015.07.31"]
[Round "1"]
[White "Sambuev, Bator"]
[Black "Viswanadha, Kesav"]
[Result "1-0"]
[WhiteElo "2532"]
[BlackElo "2367"]
[PlyCount "261"]
[EventDate "2015.07.31"]
[EventType "schev"]
[EventRounds "10"]
[EventCountry "CAN"]
[Source "Chessbase"]
[SourceDate "2015.08.28"]
[WhiteTeam "Team 1"]
[BlackTeam "Team 2"]

1. d4 Nf6 2. Nf3 e6 3. e3 b6 4. Bd3 Bb7 5. O-O d5 6. b3 Bd6 7. Bb2 O-O 8. c4
Nbd7 9. Nc3 a6 10. a3 c5 11. cxd5 exd5 12. Bf5 Qe7 13. dxc5 bxc5 14. Rc1 Ne5
15. Na4 Nxf3+ 16. Qxf3 d4 17. Qh3 g6 18. exd4 cxd4 19. Rfe1 Qd8 20. Bd3 Nh5 21.
Be4 Bxe4 22. Rxe4 Re8 23. Qd3 Rxe4 24. Qxe4 Nf4 25. Bxd4 Qe8 26. Qxe8+ Rxe8 27.
Kf1 Bxa3 28. Rc4 Ne6 29. Bc3 Bf8 30. b4 Rb8 31. Ke2 Bg7 32. Bd2 Kf8 33. Be3 Ke8
34. g4 Rb5 35. Nc5 a5 36. Nxe6 fxe6 37. Rc8+ Kf7 38. Rc7+ Kg8 39. bxa5 Rxa5 40.
Re7 Ra6 41. g5 Kf8 42. Bc5 Ra5 43. Rc7+ Kg8 44. Be3 Ra4 45. Kf3 Ra3 46. Re7 Ra6
47. h4 Bf8 48. Rd7 Bg7 49. Kg3 Ra4 50. Re7 Ra6 51. h5 gxh5 52. Kh4 Kf8 53. Rb7
Ra5 54. Kxh5 Rf5 55. Rc7 Rd5 56. Kg4 Rf5 57. Rb7 Rd5 58. Kf3 Rf5+ 59. Ke4 Re5+
60. Kd3 Rd5+ 61. Kc4 Rf5 62. Rd7 Ra5 63. Bc5+ Kg8 64. Kb4 Ra2 65. Be3 Rc2 66.
Kb5 Kf8 67. Ra7 Rc8 68. Bc5+ Kg8 69. Rd7 Rb8+ 70. Bb6 Rc8 71. Re7 e5 72. Bc7
Rf8 73. Bb6 Rf5 74. Be3 Kf8 75. Rb7 Rf7 76. Rb8+ Ke7 77. Rb6 Rf5 78. Rb7+ Kf8
79. Kc6 Kg8 80. Kd5 Rf8 81. Bc5 Rc8 82. Rd7 Ra8 83. Ke6 Ra6+ 84. Bd6 Ra8 85.
Rb7 Rc8 86. Ra7 e4 87. Ra4 Re8+ 88. Kd7 Kf7 89. f3 Rg8 90. fxe4 Kg6 91. Ra2 h6
92. gxh6 Kxh6 93. Ke6 Re8+ 94. Kf5 Kh7 95. Ra7 Kg8 96. e5 Bxe5 97. Bxe5 Rc8 98.
Kg6 Kf8 99. Bd6+ Ke8 100. Kf6 Rc1 101. Ke6 Kd8 102. Ra8+ Rc8 103. Ra1 Rc2 104.
Rh1 Kc8 105. Rb1 Kd8 106. Bf4 Rc6+ 107. Bd6 Rc2 108. Rb6 Rc1 109. Bf4 Rc2 110.
Kd6 Ke8 111. Rb7 Rc3 112. Rh7 Kf8 113. Be5 Ra3 114. Ke6 Ra6+ 115. Bd6+ Kg8 116.
Rd7 Ra2 117. Bc5 Ra6+ 118. Kf5 Rh6 119. Be3 Rh2 120. Rd8+ Kf7 121. Bg5 Rh1 122.
Rd7+ Ke8 123. Re7+ Kf8 124. Kg6 Ra1 125. Re6 Ra8 126. Bf4 Rc8 127. Bd6+ Kg8
128. Re1 Ra8 129. Rc1 Re8 130. Be7 Rb8 131. Bf6 1-0

[Event "Kitchener Masters"]
[Site "Kitchener CAN"]
[Date "2015.07.31"]
[Round "2"]
[White "Viswanadha, Kesav"]
[Black "Sambuev, Bator"]
[Result "0-1"]
[WhiteElo "2367"]
[BlackElo "2532"]
[PlyCount "90"]
[EventDate "2015.07.31"]
[EventType "schev"]
[EventRounds "10"]
[EventCountry "CAN"]
[Source "Chessbase"]
[SourceDate "2015.08.28"]
[WhiteTeam "Team 2"]
[BlackTeam "Team 1"]

1. d4 e6 2. e4 d5 3. Nc3 Bb4 4. e5 c5 5. a3 Ba5 6. b4 cxd4 7. Nb5 Bc7 8. f4 Ne7
9. Nf3 Bd7 10. Nxc7+ Qxc7 11. Bd3 a6 12. O-O Bb5 13. Nxd4 Bxd3 14. cxd3 Nbc6
15. Be3 Nxd4 16. Bxd4 O-O 17. g4 Rac8 18. Ra2 b6 19. Re2 Nc6 20. Bb2 d4 21. Qe1
Rfe8 22. Rf3 Qd7 23. Qh4 Ne7 24. Qf2 Qd5 25. Bxd4 Rc1+ 26. Kg2 h5 27. h3 Rd1
28. Kg3 Ng6 29. Qe3 Qd8 30. g5 Ne7 31. Bxb6 Qb8 32. Qf2 Qb7 33. Kh2 Nf5 34. Re4
Qd5 35. Qc2 Ra1 36. Qc4 Qb7 37. Qc3 Ra2+ 38. Rf2 Qd5 39. Kg2 Kh7 40. Kf3 Rc8
41. Bc5 Rd8 42. Rxa2 Qxa2 43. Bf2 Qb1 44. Ke2 Qh1 45. Qc7 Rxd3 0-1

[Event "Kitchener Masters"]
[Site "Kitchener CAN"]
[Date "2015.08.02"]
[Round "5"]
[White "Sambuev, Bator"]
[Black "Chaichi, Navid"]
[Result "1-0"]
[WhiteElo "2532"]
[BlackElo "2109"]
[PlyCount "85"]
[EventDate "2015.07.31"]
[EventType "schev"]
[EventRounds "10"]
[EventCountry "CAN"]
[Source "Chessbase"]
[SourceDate "2015.08.28"]
[WhiteTeam "Team 1"]
[BlackTeam "Team 2"]

1. e4 c5 2. Nf3 Nc6 3. Bb5 e6 4. Bxc6 bxc6 5. d3 Qc7 6. O-O e5 7. c3 Be7 8. d4
cxd4 9. cxd4 d6 10. b3 Nf6 11. Nbd2 Ba6 12. Re1 Nd7 13. Qc2 exd4 14. Nxd4 Bf6
15. Bb2 Ne5 16. Nf5 Bd3 17. Qd1 g6 18. Nc4 O-O-O 19. Nfxd6+ Rxd6 20. Nxe5 Bxe4
21. Qc1 Bd5 22. Nc4 Bxc4 23. Bxf6 Rxf6 24. Qb2 Be6 25. Qxf6 Rd8 26. Rad1 Rxd1
27. Rxd1 h5 28. h3 Bd5 29. Re1 Be6 30. Rxe6 fxe6 31. Qxe6+ Kb7 32. Qxg6 Qe5 33.
Qh7+ Kb6 34. Qb1 c5 35. Qc1 a6 36. g3 Qf5 37. h4 Qd5 38. Qe3 Qf5 39. a3 Kb5 40.
Kg2 Qd5+ 41. Qf3 Qxf3+ 42. Kxf3 a5 43. Ke3 1-0

[Event "Kitchener Masters"]
[Site "Kitchener CAN"]
[Date "2015.08.02"]
[Round "6"]
[White "Chaichi, Navid"]
[Black "Sambuev, Bator"]
[Result "0-1"]
[WhiteElo "2109"]
[BlackElo "2532"]
[PlyCount "64"]
[EventDate "2015.07.31"]
[EventType "schev"]
[EventRounds "10"]
[EventCountry "CAN"]
[Source "Chessbase"]
[SourceDate "2015.08.28"]
[WhiteTeam "Team 2"]
[BlackTeam "Team 1"]

1. e4 e5 2. Nf3 d6 3. d4 Nf6 4. Nc3 Nbd7 5. Bc4 Be7 6. g4 exd4 7. Nxd4 Ne5 8.
Be2 Bxg4 9. Rg1 c5 10. Nf3 Bxf3 11. Bxf3 O-O 12. Bh6 Ng6 13. Bg5 Nd7 14. Be3
Bf6 15. Nd5 Bxb2 16. Rb1 Bd4 17. Bxd4 cxd4 18. Rxb7 Nc5 19. Rc7 Ne6 20. Rb7
Qa5+ 21. Qd2 Qxa2 22. Bd1 Nc5 23. Re7 d3 24. cxd3 Qxd2+ 25. Kxd2 Nxe7 26. Nxe7+
Kh8 27. Nf5 d5 28. e5 g6 29. Nd6 d4 30. Bf3 Rab8 31. Nc4 f6 32. exf6 Rfe8 0-1

[Event "Quebec op 3e RIDEF"]
[Site "Montreal CAN"]
[Date "2015.07.17"]
[Round "1.3"]
[White "Mok, Yuen Tak"]
[Black "Sambuev, Bator"]
[Result "0-1"]
[WhiteElo "1892"]
[BlackElo "2532"]
[PlyCount "72"]
[EventDate "2015.07.17"]
[EventType "swiss"]
[EventRounds "9"]
[EventCountry "CAN"]

1. e4 e6 2. Qe2 Nc6 3. Nf3 e5 4. g3 g6 5. Bg2 Bg7 6. O-O Nge7 7. d3 O-O 8. Nc3
d6 9. h3 f5 10. Nd5 h6 11. c3 Nxd5 12. exd5 Ne7 13. Ne1 f4 14. g4 h5 15. Bd2
hxg4 16. hxg4 Kf7 17. Be4 Rh8 18. f3 Rh3 19. Rf2 c6 20. c4 cxd5 21. cxd5 Qb6
22. Qf1 Rh7 23. d4 Bd7 24. Nc2 Rah8 25. Qg2 Rh3 26. Qxh3 Rxh3 27. b3 g5 28. Na3
Qxd4 29. Raf1 b5 30. Nc2 Qb6 31. Nb4 a5 32. Nd3 Ng6 33. Rc1 Nh4 34. Ne1 b4 35.
Kf1 Bb5+ 36. Kg1 Rg3+ 0-1

[Event "Quebec op 3e RIDEF"]
[Site "Montreal CAN"]
[Date "2015.07.18"]
[Round "2.3"]
[White "Sambuev, Bator"]
[Black "Libersan, Thierry"]
[Result "1-0"]
[WhiteElo "2532"]
[BlackElo "2090"]
[PlyCount "109"]
[EventDate "2015.07.17"]
[EventType "swiss"]
[EventRounds "9"]
[EventCountry "CAN"]

1. d4 Nf6 2. c4 g6 3. Nc3 Bg7 4. e4 O-O 5. Nf3 d6 6. Be2 e5 7. O-O Nc6 8. d5
Ne7 9. Ne1 Ne8 10. Be3 f5 11. f3 f4 12. Bf2 g5 13. c5 h5 14. a4 Rf7 15. cxd6
cxd6 16. a5 Ng6 17. Nd3 Bf8 18. Kh1 Rg7 19. Ra3 Nh4 20. g3 fxg3 21. Bxg3 Ng6
22. Rg1 Nf6 23. Qe1 h4 24. Bf2 Nh5 25. Nb5 Ngf4 26. Nxf4 Nxf4 27. Bf1 Qe8 28.
Bxa7 Qh5 29. Qf2 Bd7 30. Nc7 Rc8 31. Bb6 Be7 32. Qe3 Kh7 33. Rc3 Rcg8 34. Ne6
Nxe6 35. dxe6 Bxe6 36. h3 Rf8 37. Bg2 Rf4 38. Rc7 Bf8 39. Rgc1 Rff7 40. b4 Qg6
41. Qd2 Rxc7 42. Rxc7 Rxc7 43. Bxc7 Qf7 44. Bb6 Kg6 45. Be3 Be7 46. b5 d5 47.
exd5 Bxd5 48. a6 bxa6 49. bxa6 Qe6 50. a7 Ba8 51. Kg1 Bf6 52. Bf1 Kh6 53. Qb4
Qd5 54. Qxh4+ Kg6 55. Qe4+ 1-0

[Event "Quebec op 3e RIDEF"]
[Site "Montreal CAN"]
[Date "2015.07.18"]
[Round "3.3"]
[White "Humphreys, Michael"]
[Black "Sambuev, Bator"]
[Result "1-0"]
[WhiteElo "2207"]
[BlackElo "2532"]
[PlyCount "159"]
[EventDate "2015.07.17"]
[EventType "swiss"]
[EventRounds "9"]
[EventCountry "CAN"]

1. d4 Nf6 2. c4 e6 3. Nf3 b6 4. Nc3 Bb7 5. a3 Be7 6. d5 O-O 7. g3 d6 8. Bg2 e5
9. O-O Ne8 10. e4 g6 11. Bh6 Ng7 12. Qd2 Nd7 13. b4 a5 14. Rac1 Ba6 15. Nb5
axb4 16. axb4 Nf6 17. Qc2 Qd7 18. Rfd1 Kh8 19. Ne1 Ng8 20. Bd2 f5 21. exf5 Nxf5
22. f4 exf4 23. Bxf4 Bf6 24. Nf3 Rf7 25. Nbd4 Nxd4 26. Nxd4 g5 27. Be3 Re8 28.
Ne6 Rxe6 29. dxe6 Qxe6 30. Qd2 Qg4 31. Bd4 Re7 32. Bxf6+ Nxf6 33. Qc3 Kg7 34.
Rf1 Re5 35. b5 Bc8 36. Rce1 Qe6 37. Rxe5 Qxe5 38. Qxe5 dxe5 39. Re1 Be6 40. c5
Nd7 41. c6 Nc5 42. Rxe5 Kf6 43. Re3 g4 44. Bf1 Bf7 45. Kf2 Bg6 46. Ke1 Ne6 47.
Ra3 Ke5 48. Be2 Bf5 49. Ra8 Kd6 50. Rg8 h5 51. Kd2 Nc5 52. Rd8+ Ke7 53. Rh8 Bg6
54. Ke3 Be8 55. h3 Bg6 56. hxg4 hxg4 57. Bxg4 Bb1 58. Rh6 Bc2 59. Be2 Bb3 60.
Rh7+ Kd6 61. g4 Bc2 62. Rg7 Bb1 63. Rg8 Ba2 64. Rd8+ Ke7 65. Rc8 Kd6 66. g5 Be6
67. Rh8 Bf5 68. g6 Ne6 69. Bd3 Bxd3 70. Kxd3 Ke7 71. Ke4 Kf6 72. Re8 Ng7 73.
Rg8 Ne6 74. Re8 Ng7 75. Rc8 Ne6 76. g7 Kxg7 77. Ke5 Kf7 78. Rh8 Nf8 79. Rxf8+
Kxf8 80. Kf6 1-0

[Event "Quebec op 3e RIDEF"]
[Site "Montreal CAN"]
[Date "2015.07.19"]
[Round "4.13"]
[White "Sambuev, Bator"]
[Black "Turcotte, Jonathan"]
[Result "1/2-1/2"]
[WhiteElo "2532"]
[BlackElo "1999"]
[PlyCount "117"]
[EventDate "2015.07.17"]
[EventType "swiss"]
[EventRounds "9"]
[EventCountry "CAN"]

1. e4 c6 2. d4 d5 3. exd5 cxd5 4. c4 Nf6 5. Nc3 Nc6 6. Bg5 Be6 7. Nge2 h6 8.
Bxf6 exf6 9. Nf4 Bb4 10. cxd5 Bxd5 11. Be2 O-O 12. O-O Bxc3 13. bxc3 Be4 14.
Re1 Re8 15. Bb5 Qa5 16. Bxc6 bxc6 17. Re3 Qf5 18. Nh5 Bc2 19. Ng3 Qg6 20. Qf3
Rxe3 21. fxe3 Qd3 22. e4 Rb8 23. Nf5 Qxf3 24. gxf3 Kf8 25. Kf2 h5 26. Ke3 g6
27. Nd6 Ke7 28. Nc4 Rb1 29. Rxb1 Bxb1 30. a3 Ba2 31. Nd2 Be6 32. c4 Bd7 33. f4
f5 34. e5 Be6 35. h4 f6 36. Kd3 fxe5 37. fxe5 g5 38. hxg5 h4 39. Ke3 Kf7 40.
Nf3 h3 41. d5 cxd5 42. c5 Kg6 43. Kf2 f4 44. c6 Bc8 45. c7 a6 46. Kg1 Kh5 47.
Kh2 Kg6 48. a4 Kh5 49. a5 Kg6 50. Kg1 Kh5 51. Kh2 Kg6 52. Nd4 Kxg5 53. Nc6 Bg4
54. Ne7 Be6 55. Nxd5 f3 56. Ne3 Kf4 57. Nd1 Kxe5 58. Nf2 Kd6 59. Nxh3 1/2-1/2